<?xml version="1.0" encoding="UTF-8"?><?xml-stylesheet type="text/xsl" href="static/style.xsl"?><OAI-PMH xmlns="http://www.openarchives.org/OAI/2.0/" xmlns:xsi="http://www.w3.org/2001/XMLSchema-instance" xsi:schemaLocation="http://www.openarchives.org/OAI/2.0/ http://www.openarchives.org/OAI/2.0/OAI-PMH.xsd"><responseDate>2026-06-07T09:39:03Z</responseDate><request verb="GetRecord" identifier="oai:recam.amb.cat:20.500.14439/4917" metadataPrefix="marc">https://recam.amb.cat/rest/oai/request</request><GetRecord><record><header><identifier>oai:recam.amb.cat:20.500.14439/4917</identifier><datestamp>2026-06-02T23:45:34Z</datestamp><setSpec>com_20.500.14439_124</setSpec><setSpec>col_20.500.14439_136</setSpec></header><metadata><record xmlns="http://www.loc.gov/MARC21/slim" xmlns:dcterms="http://purl.org/dc/terms/" xmlns:xsi="http://www.w3.org/2001/XMLSchema-instance" xmlns:doc="http://www.lyncode.com/xoai" xsi:schemaLocation="http://www.loc.gov/MARC21/slim http://www.loc.gov/standards/marcxml/schema/MARC21slim.xsd">
   <leader>00925njm 22002777a 4500</leader>
   <datafield ind2=" " ind1=" " tag="042">
      <subfield code="a">dc</subfield>
   </datafield>
   <datafield ind2=" " ind1=" " tag="720">
      <subfield code="a">Fundació BCN Formació Professional</subfield>
      <subfield code="e">author</subfield>
   </datafield>
   <datafield ind2=" " ind1=" " tag="260">
      <subfield code="c">2024-01-01</subfield>
   </datafield>
   <datafield ind2=" " ind1=" " tag="520">
      <subfield code="a">L’objectiu d’aquest document és fer una diagnosi del territori format per les ciutats de Sant Adrià de Besòs, Badalona, Santa Coloma de Gramenet i Montcada i Reixac en clau formativa d’estudis posto bligatoris no universitaris. La denominació de l’àmbit territorial és zona Besòs, atès que els quatre municipis se situen prop de la llera del riu homònim i comparteixen espais de mercat de treball. La finalitat de la diagnosi és establir els fonaments per desenvolupar propostes de millora en l’oferta de formació professional a la zona Besòs. L’objectiu és assegurar que aquesta oferta educativa es pugui adaptar a les necessitats de talent de les empreses locals i, al mateix temps, beneficiï els residents dels quatre municipis de la zona. Per tant, la tasca encomanada implica centrar-se en la redacció d’una diagnosi que serveixi de base per a la creació del darrer apartat d’aquest document: l’estratègia i la proposta organitzativa territorial de la formació professional (FP). En definitiva, l’anàlisi feta en aquest document permetrà esbrinar si el territori de la zona Besòs presenta una sèrie de particularitats socioeconòmiques que puguin determinar certa especificitat en la planificació de recursos per a la formació professional en el futur</subfield>
   </datafield>
   <datafield ind1="8" ind2=" " tag="024">
      <subfield code="a">https://hdl.handle.net/20.500.14439/4917</subfield>
   </datafield>
   <datafield tag="653" ind2=" " ind1=" ">
      <subfield code="a">Formació professional</subfield>
   </datafield>
   <datafield tag="653" ind2=" " ind1=" ">
      <subfield code="a">Territori</subfield>
   </datafield>
   <datafield ind2="0" ind1="0" tag="245">
      <subfield code="a">Diagnosi en clau formativa de la zona Besòs: Badalona, Montcada i Reixac, Santa Coloma de Gramenet i Sant Adrià de Besòs</subfield>
   </datafield>
</record></metadata></record></GetRecord></OAI-PMH>